[Event "SVK Extraliga 2019-20"]
[Site "Slovakia"]
[Date "2020.02.29"]
[Round "7.1"]
[White "Stocek, Jiri"]
[Black "Cernousek, Lukas"]
[Result "1/2-1/2"]
[WhiteElo "2588"]
[BlackElo "2442"]
[Annotator "TA"]
[PlyCount "197"]
[EventDate "2019.10.19"]
[EventType "team-tourn"]
[EventCountry "SVK"]
[SourceTitle "playchess.com"]
[Source "ChessBase"]
[SourceQuality "1"]
[WhiteTeam "Kosice"]
[BlackTeam "Dubnica"]

{[%evp 9,197,-7,-9,-10,-10,0,-12,-13,-9,-10,0,0,16,2,16,-10,-10,-10,-10,-2,-8,-14,-12,-17,0,-17,-8,-16,-17,-15,0,0,0,0,0,0,0,0,0,0,0,0,0,0,9,0,18,17,12,0,0,0,0,-68,0,0,35,0,0,0,0,0,0,0,0,0,8,0,0,0,0,0,0,0,0,0,0,0,0,0,0,0,7,0,0,0,7,7,7,7,7,7,7,0,7,7,7,7,7,7,7,7,7,7,7,7,7,7,7,7,7,7,7,7,7,7,7,7,7,7,7,7,7,7,7,7,7,7,8,8,8,7,7,7,7,7,7,7,7,0,0,0,8,8,70,0,70,70,70,70,70,8,8,0,0,0,0,0,0,0,0,0,0,0,0,0,0,0,0,0,0,0,0,0,0,0,0,0,0,0,0,0,0,0,0,0,0,0,0,0]} 1. c4 e6 2. Nc3 d5 3. d4 Nf6 4. Bg5 dxc4 5. Qa4+ Nbd7 {[#]} 6. e4 $146 {D50: Queen's Gambit Declined: Dutch-Peruvian Gambit.} ({Predecessor:} 6. Nf3 c5 7. d5 exd5 8. Nxd5 Be7 9. Nxe7 Qxe7 10. Qxc4 O-O 11. e3 h6 12. Bh4 {0-1 (56) Shioguchi,T (1937)-Asaka,S (2169) Tokyo 2019}) 6... Be7 7. Nf3 b5 8. Nxb5 O-O 9. Bxc4 Nb6 10. Qc2 Nxc4 11. Qxc4 Ba6 12. Bxf6 (12. Qc6 $5 {[%cal Rc6a6]} Bxb5 13. Qxb5 $11) 12... Bxf6 13. Qc6 Bxb5 14. Qxb5 Bxd4 15. Rd1 c5 {With the idea ...Rb8.} 16. Qa4 {[%cal Rf3d4]} Qb6 17. b3 {[%cal Rf3d4]} Rfd8 18. O-O a5 19. Rd2 Qb4 20. Qxb4 axb4 21. Rfd1 {[%cal Rf3d4]} Bf6 22. Rxd8+ Bxd8 $11 {[%mdl 4096] Endgame KRB-KRN} 23. Kf1 Kf8 24. Rd2 Bf6 25. e5 Be7 26. Ke2 Ke8 27. g3 f5 28. exf6 gxf6 29. Ke3 c4 30. bxc4 Ra3+ $1 31. Ke4 ({White should try} 31. Ke2 $1 $11) 31... Rc3 ({Black should play} 31... f5+ $1 $15 32. Kf4 h6) 32. Nd4 e5 (32... Kf7 $5 {[%cal Rf6f5]}) 33. Nb3 {Kd5 is the strong threat.} Rxc4+ 34. Kf5 Kf7 35. f4 exf4 36. gxf4 Ke8 37. Nd4 Rc3 38. Ne6 b3 {[#] aiming for ...Rc2.} 39. axb3 (39. Nd4 {is interesting.} bxa2 40. Rxa2 Rc4 41. Ne6 Kf7 42. Rg2) 39... Rxb3 40. Nc7+ Kf7 41. Nd5 Rb5 42. Ke4 Ra5 43. Rd3 Ra4+ 44. Kf5 Ra5 45. Kg4 Ra3 46. Rd2 Bd6 47. Nb6 h5+ 48. Kf5 Ra5+ 49. Rd5 Rc5 50. h3 Be7 51. Ke4 Rxd5 (51... Rc6 {keeps more tension.} 52. Rb5 Kg6 53. Nd5 f5+ 54. Kf3 Bc5) 52. Kxd5 {KB-KN} Bb4 53. Nc4 Be1 54. Nd6+ Ke7 55. f5 Bg3 56. Ne4 Be5 57. Nd2 Kd7 58. Nf3 Bg3 59. Nd4 Bf4 60. Ne6 Bh6 61. Nc5+ $1 Ke7 62. Kc6 Bd2 63. Ne4 Be1 64. Kd5 Bh4 65. Nc5 Be1 66. Ne6 Bd2 67. Ng7 h4 68. Ne6 Be1 69. Nf4 Bg3 70. Nd3 Kd7 71. Nc5+ Ke7 72. Ne4 Be5 73. Nd2 Kd7 74. Ke4 Kc6 75. Nc4 Bc3 76. Ne3 Bd2 (76... Be5 $11) 77. Ng4 (77. Ng2 $1 $14) 77... Bg5 (77... Bc3 $1 $11) 78. Nh2 $14 Kc5 79. Nf3 Kd6 80. Kd4 (80. Ng1 $1 $14) 80... Kc6 {The position is equal.} 81. Nh2 Kd6 82. Ng4 Bc1 83. Ke4 Bb2 84. Ne3 {[#] White wants to mate with Nc4+.} Bc1 $1 {[%cal Rc1e3]} 85. Nc4+ Kc5 86. Na5 $1 {[%cal Ra5b3] White threatens Nb3+ and mate.} Kd6 87. Nb7+ Kc6 88. Nd8+ Kd6 89. Nf7+ Ke7 90. Nh8 Kd6 91. Kf3 Ke5 92. Kg4 {Black must now prevent Ng6+.} Ke4 93. Ng6 Bg5 94. Nf8 {Strongly threatening Nh7.} Be3 95. Nd7 Bd4 96. Nb8 Be5 97. Nc6 Bc3 98. Ne7 Bb4 99. Ng6 {Accuracy: White = 94%, Black = 95%.} 1/2-1/2

[Event "SVK Extraliga 2019-20"]
[Site "Slovakia"]
[Date "2020.02.29"]
[Round "7.1"]
[White "Matuszewski, Michal"]
[Black "Petenyi, Tamas"]
[Result "1/2-1/2"]
[WhiteElo "2509"]
[BlackElo "2430"]
[Annotator "TA"]
[PlyCount "57"]
[EventDate "2019.10.19"]
[EventType "team-tourn"]
[EventCountry "SVK"]
[SourceTitle "playchess.com"]
[Source "ChessBase"]
[SourceQuality "1"]
[WhiteTeam "Prakovce"]
[BlackTeam "Streda"]

{[%evp 9,57,17,17,6,20,15,31,25,78,20,59,20,46,47,45,8,0,-7,63,-11,0,0,0,0,0,0,0,-18,-9,-10,0,-14,0,0,0,0,0,0,19,19,13,0,4,0,0,0,0,0,0,7]} 1. d4 Nf6 2. Bg5 Ne4 3. h4 Nxg5 4. hxg5 g6 5. c3 Bg7 6. Nf3 {A45: Trompowsky Attack.} d5 7. Nbd2 c5 8. dxc5 {White is slightly better.} Nc6 {[#]} (8... Na6 $11 {keeps the balance.}) 9. Qb3 $146 ({White should try} 9. Qa4 $16) ({Predecessor:} 9. e3 e5 10. e4 O-O 11. Bd3 d4 12. Qc2 a5 13. a3 Qe7 14. cxd4 exd4 15. O-O {1-0 (42) Golubov,S (2469)-Savitskiy,S (2407) Sochi 2019}) 9... O-O 10. Rd1 Qa5 11. Qxd5 Be6 12. Qe4 Qxa2 13. Qc2 ({Much weaker is} 13. Qh4 h5 $15) 13... b5 (13... a5 $11) 14. cxb6 ({Better is} 14. e3 $14) 14... Rab8 {The position is equal.} 15. Rh4 {[#] aiming for Ra4.} Rxb6 16. Ra4 Qxb2 17. Qxb2 Rxb2 18. Ra3 Rc2 19. Ne4 Rb8 20. e3 Bf5 21. Bd3 Bxe4 22. Bxe4 Rxc3 ({Of course not} 22... Bxc3+ $6 23. Kf1 $16) 23. Ra6 Nb4 24. Rxa7 e6 25. g3 Rc4 $132 {[%mdl 2048] Black has counterplay} 26. Rb7 Rxb7 27. Rd8+ Bf8 28. Bxb7 Rc7 29. Be4 {Accuracy: White = 77%, Black = 84%.} 1/2-1/2

[Event "SVK Extraliga 2019-20"]
[Site "Slovakia"]
[Date "2020.02.29"]
[Round "7.1"]
[White "Pechac, Jergus"]
[Black "Sahidi, Samir"]
[Result "1/2-1/2"]
[WhiteElo "2499"]
[BlackElo "2391"]
[Annotator "TA"]
[PlyCount "69"]
[EventDate "2019.10.19"]
[EventType "team-tourn"]
[EventCountry "SVK"]
[SourceTitle "playchess.com"]
[Source "ChessBase"]
[SourceQuality "1"]
[WhiteTeam "Zilina"]
[BlackTeam "Bratislava"]

{[%evp 12,69,49,39,57,57,52,47,83,58,58,64,59,64,57,59,52,43,56,-31,11,43,75,62,102,107,100,113,163,133,131,97,230,228,302,310,307,311,304,300,384,366,574,564,915,932,831,297,259,0,0,0,0,-74,0,0,0,0,7,0]} 1. d4 Nf6 2. c4 e6 3. Nf3 d5 4. Nc3 Be7 5. Bf4 O-O 6. e3 dxc4 7. Bxc4 a6 {[#] D37: Queen's Gambit Declined: 5 Bf4.} 8. Be2 $146 ({Predecessor:} 8. O-O b5 9. Bd3 Bb7 10. Qc2 Nbd7 11. a4 b4 12. Ne4 Bxe4 13. Bxe4 Nxe4 14. Qxe4 c5 15. dxc5 Nxc5 16. Qxb4 {½-½ (38) Mikaelyan,A (2479)-Hayrapetyan,H (2453) Tbilisi 2019}) 8... Nh5 9. Be5 Nc6 {White is slightly better.} 10. g4 Nf6 11. Bxf6 $1 Bxf6 12. h4 b6 13. a3 Bb7 14. Qc2 g6 15. O-O-O (15. Ne4 $14) 15... Ne7 16. h5 Qc8 17. Ne4 Bxe4 18. Qxe4 c5 19. hxg6 cxd4+ 20. Kb1 hxg6 21. exd4 $40 {[%mdl 128] White has strong attack.} Qc6 (21... Ra7 $16) 22. Qf4 $1 $18 {[%cal Rf4f6]} Nd5 23. Qh2 {[%csl Gh1][%cal Rh2h7]} Rfc8 {White must now prevent ...Qc2+.} 24. Ne5 $1 {White threatens Qh7+ and mate.} ({Worse is} 24. Rc1 Qa4 $11) 24... Qc2+ 25. Ka1 {Threatening mate with Qh7+.} Rc7 26. Bd3 Qb3 {[#]} (26... Qa4 {was called for.} 27. Bc4 Rac8 28. Bxd5 exd5) 27. Bc4 $1 {[%mdl 512]} Qc2 (27... Rxc4 28. Qh7+) 28. Bxd5 exd5 29. Qf4 $2 (29. Rd3) 29... Bg7 {[#]} 30. Nd3 $2 (30. Qh2 Re8 $14) (30. Nxg6 $1 $18 {[%mdl 512]} Rac8 {[#]} (30... Qxg6 31. Qxc7) 31. Ne7+ $1 {[%mdl 512]} Rxe7 32. Rc1 Qxc1+ 33. Rxc1 Rxc1+ 34. Qxc1) 30... Re7 $1 $11 {[%cal Re7e4]} 31. Nb4 Qc4 32. Qg5 (32. Qd6 $11 Re6 33. Qd7 (33. Qxd5 Qxd5 34. Nxd5 Rd8 $15)) 32... Re4 (32... Re2 $17 33. Qxd5 Qxd5 34. Nxd5 Rd8 35. Nxb6 Rxf2) 33. Nxd5 {aiming for Nf6+.The position is equal.} Rxd4 34. Nf6+ Kf8 $1 35. Nh7+ {Accuracy: White = 74%, Black = 50%.} 1/2-1/2

[Event "SVK Extraliga 2019-20"]
[Site "Slovakia"]
[Date "2020.02.29"]
[Round "7.1"]
[White "Mazur, Stefan"]
[Black "Aczel, Gergely"]
[Result "0-1"]
[WhiteElo "2457"]
[BlackElo "2506"]
[Annotator "TA"]
[PlyCount "98"]
[EventDate "2019.10.19"]
[EventType "team-tourn"]
[EventCountry "SVK"]
[SourceTitle "playchess.com"]
[Source "ChessBase"]
[SourceQuality "1"]
[WhiteTeam "Liptovska"]
[BlackTeam "Podhajska"]

{[%evp 9,98,16,28,28,30,27,76,25,44,19,87,33,44,12,4,9,10,0,0,0,0,-6,14,14,8,8,12,8,9,9,18,7,9,0,0,-95,-110,-107,-102,-112,-102,-109,-39,-90,-75,-70,-66,-153,-157,-164,48,62,52,-314,-302,-309,-310,-379,-350,-401,-393,-441,-402,-439,-434,-406,-402,-379,-332,-432,-331,-478,-498,-434,-427,-452,-455,-438,-437,-793,-769,-963,-967,-886,-816,-1814,-561,-2543,-2594,-1969,-2043]} 1. e4 c5 2. Nc3 a6 3. Nge2 d6 4. g3 e5 5. Bg2 h5 6. h3 {B23: Closed Sicilian: Lines without g3.} Nc6 7. d3 {[#]} Be7 $146 ({Predecessor:} 7... h4 8. Nd5 Nge7 9. Nec3 b5 10. a3 Ng6 11. Be3 f6 12. b4 Nd4 13. a4 Rb8 14. axb5 axb5 15. Bxd4 cxd4 {1-0 (59) Misetane Burjan,A-Bocska,J (2139) Hungary 2010}) 8. f4 (8. Nd5 $16) 8... Nf6 $11 9. O-O Be6 (9... Bd7 $11 {keeps the balance.}) 10. f5 ({White should try} 10. Nd5 $1 $16) 10... Bd7 $14 11. Nd5 Nxd5 12. exd5 Nd4 13. Be4 Bg5 14. h4 Bxc1 15. Rxc1 Qb6 16. c3 Nxe2+ 17. Qxe2 c4+ 18. Kh2 cxd3 19. Bxd3 a5 20. a3 f6 21. Be4 Ke7 22. Bf3 (22. Bd3 $11 {remains equal.}) 22... Bxf5 $17 23. Be4 Bg4 24. Bf3 Bxf3 25. Rxf3 g6 (25... Kf7 $17) 26. Rcf1 ({Better is} 26. Qd2 $15) 26... Raf8 27. c4 f5 28. c5 (28. Qd2 $15) 28... Qxc5 29. Qd2 Kf7 $2 (29... Qb6 $19 {aiming for ...Kf6.} 30. b4 axb4) 30. Rc1 $1 $14 {[%cal Rc1c5][%mdl 1024] White has compensation.} Qb6 {[#] Strongly threatening ...Rc8.} 31. Qg5 $2 {[%mdl 8192] White does not recover from this.} (31. Rb3 $1 $14 {[%mdl 512]} Qd4 (31... Qxb3 32. Rc7+) 32. Rxb7+ Kg8 {[#]} 33. Qg5 $1 {[%mdl 512]}) 31... Kg7 $19 ({Weaker is} 31... Qxb2+ 32. Kh3 $17) 32. Qd2 Rf7 33. Qc2 Rhf8 34. Rb3 Qd4 35. Qd3 Qg4 36. Qf3 Qxf3 37. Rxf3 {[%mdl 4096] Endgame KRR-KRR} f4 38. Rb3 a4 39. Rb6 Rd7 40. Rc4 (40. Rb4 {was worth a try.}) 40... f3 {And now ...f2 would win.Black is clearly winning.} 41. Kg1 Re8 42. Kf2 e4 43. Ke3 Re5 44. Rbb4 (44. Rc2 $142 Kf6 45. Rb4) 44... Rf7 45. Rc2 Rxd5 46. Rxe4 Re5 47. Rf2 Rff5 (47... Rxe4+ $142 48. Kxe4 Re7+ 49. Kf4 d5) 48. Kd3 Rxe4 49. Kxe4 Kf6 {Accuracy: White = 40%, Black = 75%.} 0-1

[Event "SVK Extraliga 2019-20"]
[Site "Slovakia"]
[Date "2020.02.29"]
[Round "7.2"]
[White "Banusz, Tamas"]
[Black "Miton, Kamil"]
[Result "1/2-1/2"]
[WhiteElo "2624"]
[BlackElo "2589"]
[Annotator "TA"]
[PlyCount "67"]
[EventDate "2019.10.19"]
[EventType "team-tourn"]
[EventCountry "SVK"]
[SourceTitle "playchess.com"]
[Source "ChessBase"]
[SourceQuality "1"]
[WhiteTeam "Slovan"]
[BlackTeam "Dunajov"]

{[%evp 15,67,0,0,11,31,35,20,18,35,21,20,22,22,29,33,35,39,13,28,12,12,12,12,10,33,33,45,38,39,34,56,34,30,13,28,6,14,15,31,4,8,4,8,0,8,0,0,0,0,0,0,0,0,0]} 1. Nf3 d5 2. g3 g6 3. Bg2 Bg7 4. d4 Nf6 5. c4 c6 6. Qb3 O-O 7. O-O Qb6 8. Nc3 Rd8 9. Bd2 {D78: Fianchetto Grünfeld: 6 0-0 c6.} Qxb3 10. axb3 {[#]} Bf5 $146 ({Predecessor:} 10... Be6 11. Na4 Nbd7 12. Rfc1 Ne4 13. Ba5 Rdc8 14. e3 h6 15. Be1 g5 16. Nd2 Nd6 {½-½ (44) Dreev,A (2677)-Inarkiev,E (2663) Moscow 2019}) 11. Rfc1 Ne4 12. Be1 Nxc3 13. bxc3 dxc4 14. bxc4 Be4 15. Ra2 c5 16. e3 Nd7 17. Rca1 a6 18. Nd2 Bxg2 19. Kxg2 Rdc8 20. f4 Rc7 21. Rb1 b6 22. Bf2 f5 23. Kf3 a5 24. Ra4 Rac8 25. e4 fxe4+ 26. Kxe4 e6 27. Rb5 Bf8 {The position is equal.} 28. Kd3 cxd4 29. Bxd4 Rc6 30. Ne4 Rd8 {And now ...Nc5+ would win.} 31. Kc2 Rdc8 32. Kd3 Rd8 {Threatens to win with ...Nc5+.} 33. Kc2 Rdc8 34. Kd3 {Accuracy: White = 94%, Black = 100%.} 1/2-1/2

[Event "SVK Extraliga 2019-20"]
[Site "Slovakia"]
[Date "2020.02.29"]
[Round "7.2"]
[White "Gazik, Viktor"]
[Black "Miesbauer, Jan"]
[Result "1/2-1/2"]
[WhiteElo "2508"]
[BlackElo "2380"]
[Annotator "TA"]
[PlyCount "199"]
[EventDate "2019.10.19"]
[EventType "team-tourn"]
[EventCountry "SVK"]
[SourceTitle "playchess.com"]
[Source "ChessBase"]
[SourceQuality "1"]
[WhiteTeam "Podhajska"]
[BlackTeam "Liptovska"]

{[%evp 9,199,25,26,4,11,6,16,7,2,-27,7,-24,0,0,0,-26,-22,-37,15,15,29,22,27,13,18,10,33,35,51,34,56,49,49,48,50,48,49,48,56,56,45,47,50,56,56,56,56,48,56,56,56,56,56,56,56,41,41,8,56,56,56,56,68,19,56,18,91,91,68,68,91,56,81,0,81,56,68,56,75,49,56,49,63,49,52,49,49,49,56,49,49,49,68,68,81,49,49,49,81,49,49,49,49,49,49,0,49,0,49,-8,0,0,49,0,49,8,49,9,49,8,49,8,49,0,72,0,65,8,86,86,86,86,86,86,86,11,86,8,86,86,86,8,86,8,67,0,86,0,86,86,86,86,86,86,86,86,86,86,107,86,86,86,86,86,86,86,86,86,86,86,86,86,86,86,86,0,0,0,0,0,0,0,0,0,0,0,0,0,0,0,0,0]} 1. e4 e5 2. Nf3 Nc6 3. Bb5 Nf6 4. d3 Bc5 5. Bxc6 dxc6 6. Nbd2 {C65: Ruy Lopez: Berlin Defence (3...Nf6), unusual lines and 4 0-0 Bc5.} (6. O-O {keeps more tension.} Nd7 7. c3 O-O 8. d4 Bd6 9. Bg5) 6... Be6 {6...Nd7 is setting a new trend. Played by Hikaru Nakamura in February 2020.} 7. O-O Nd7 8. Nb3 Bb6 {[#]} 9. d4 $146 ({Predecessor:} 9. Ng5 Bxb3 10. axb3 Qe7 11. Nf3 O-O 12. Nd2 Nc5 13. Nc4 f6 14. b4 Ne6 15. c3 {1-0 (102) Dominguez Perez,L (2763)-Wang,H (2726) Khanty-Mansiysk 2019}) 9... f6 10. Be3 O-O 11. Qe2 Qe7 12. c4 exd4 13. Nfxd4 Bxd4 (13... Bf7 $15) 14. Nxd4 $11 Ne5 15. b3 Bd7 16. Qc2 c5 17. Ne2 Rae8 18. Nc3 c6 19. Rfe1 f5 {Strongly threatening ...f4.} 20. f4 Ng4 {[%cal Rf5e4]} 21. e5 Be6 22. Rad1 Rd8 23. Qe2 b6 24. h3 Nxe3 25. Qxe3 Rxd1 26. Rxd1 Rd8 27. Rd3 h6 28. Qd2 Rxd3 29. Qxd3 Qd7 30. Qxd7 Bxd7 $14 {[%mdl 4096] Endgame KB-KN} 31. Kf2 Kf7 32. Kf3 Ke7 33. g4 g6 34. Nd1 Be6 35. Ne3 Kf7 36. Nf1 Ke7 37. Kg3 Kf7 (37... g5 $11) 38. Kh4 $16 Kg7 39. Ne3 Kf7 40. Kg3 Ke7 41. Kf3 (41. a4 $16) 41... Kd7 (41... Kf7 $1 $11) 42. Kf2 Ke7 43. Ke2 Kd7 44. Kd3 Ke7 45. Kc3 Kd7 46. a3 a5 47. Kd3 Ke7 48. Kd2 Kd8 49. Ke2 Ke8 50. Kf3 Ke7 51. Kg3 Ke8 52. Kg2 Ke7 53. Kf3 Ke8 54. Kf2 Ke7 55. Ke1 Ke8 56. Ke2 Ke7 57. Kd2 Bd7 58. Kd3 Ke6 59. Nd1 (59. gxf5+ $14 gxf5 60. Nd1) 59... Ke7 60. Ne3 Ke6 61. Ke2 Ke7 62. Ke1 Ke6 63. Kf2 Ke7 64. Kf1 Ke6 {Threatening ...fxg4.} 65. Kg2 Ke7 66. Kf2 Ke6 (66... Be6 $1 $11) 67. Nd1 (67. Kf3 $16) 67... Ke7 (67... fxg4 $11 68. hxg4 g5) 68. Kg3 (68. Kf3 $1 $14) 68... Be6 (68... g5 $11) 69. Nb2 Kd7 70. Kh4 Kd8 71. Na4 Kc7 72. Nc3 (72. g5 $1 $16 {[%cal Rg5h6]} h5 73. Kg3) 72... Kd7 (72... b5 $1 $11) 73. Kg3 ({White should play} 73. g5 $16 h5 74. Na4) 73... Kd8 (73... g5 $11) 74. Na4 $1 {[%cal Ra4b6]} Kc7 75. Kf3 (75. Kh4 $1 $16) 75... Bd7 {[#]} (75... g5 $11) 76. Nb2 (76. g5 $1 $16 {[%cal Rg5h6]} h5 77. h4) 76... Be6 (76... g5 $11) 77. Kg3 (77. g5 $1 $14 h5 78. Ke3) 77... Kd8 {[#]} (77... Kd7 $11 {keeps the balance.}) 78. Kf3 ({Better is} 78. Kh4 $1 $16) 78... Kd7 (78... Kc7 $11 {remains equal.}) 79. g5 h5 80. Ke3 Kc7 81. Kd3 Bf7 82. Kc3 Kb7 83. Nd3 Kc7 84. h4 Be6 85. Ne1 Bf7 86. Nc2 Be6 87. Ne3 Bf7 88. Kd3 Be6 89. Kd2 Bf7 90. Kc3 Kb7 91. Nc2 Be6 92. b4 (92. Ne1 $16) 92... cxb4+ $11 {The position is equal.} 93. axb4 axb4+ 94. Nxb4 c5 95. Nd5 Bxd5 96. cxd5 b5 97. e6 {e7 would kill now.} Kc7 98. e7 Kd7 {[#]} 99. d6 $1 {[%mdl 512]} Ke8 (99... Kxd6 100. e8=Q) 100. Kb3 {Accuracy: White = 63%, Black = 70%.} 1/2-1/2

[Event "SVK Extraliga 2019-20"]
[Site "Slovakia"]
[Date "2020.02.29"]
[Round "7.2"]
[White "Nemeth, Miklos"]
[Black "Zilka, Stepan"]
[Result "1/2-1/2"]
[WhiteElo "2502"]
[BlackElo "2549"]
[Annotator "TA"]
[PlyCount "54"]
[EventDate "2019.10.19"]
[EventType "team-tourn"]
[EventCountry "SVK"]
[SourceTitle "playchess.com"]
[Source "ChessBase"]
[SourceQuality "1"]
[WhiteTeam "Streda"]
[BlackTeam "Prakovce"]

{[%evp 18,54,0,0,8,0,0,-11,-26,-23,0,-21,-13,-19,0,0,0,0,0,0,0,-21,0,0,62,66,59,62,64,43,61,43,61,68,59,32,68,22,781]} 1. e4 e6 2. d4 d5 3. Nd2 c5 4. exd5 exd5 5. Ngf3 Nf6 6. Bb5+ Bd7 7. Bxd7+ Nbxd7 {[%cal Bb8d7,Bd7c5,Bc5e4][%mdl 32]} 8. O-O Be7 9. b3 O-O 10. Bb2 Rc8 {C08: French Tarrasch: 3...c5 4 exd5 exd5 sidelines.} 11. dxc5 Nxc5 12. Nd4 {[#]} Re8 $146 ({Predecessor:} 12... Qd7 13. Qf3 Nce4 14. Rad1 Nxd2 15. Rxd2 Ne4 16. Nf5 Bf6 17. Qxe4 Rcd8 18. Bxf6 dxe4 19. Rxd7 Rxd7 20. Bxg7 {1-0 (51) Miroshnichenko,E (2465)-Khodotov,J (2364) Kharkov 2000}) 13. Qf3 Bf8 14. Rfd1 Nce4 15. Nf1 Qc7 16. Ne3 Qe5 17. Rd3 Nc5 18. Rdd1 Nce4 19. Rd3 Bb4 20. Qf5 {With the idea Qxe5.} Bc3 (20... Qd6 $11) 21. Qxe5 $14 Rxe5 22. Bxc3 Nxc3 23. Kf1 g6 24. a4 a6 25. f3 Kf8 26. Kf2 h5 27. Nd1 Re6 $2 {[%mdl 40960] Accuracy: White = 88%, Black = 82%. . An unexpected result.} (27... Nxd1+ $11 28. Raxd1 Nd7) 1/2-1/2

[Event "SVK Extraliga 2019-20"]
[Site "Slovakia"]
[Date "2020.02.29"]
[Round "7.2"]
[White "Stohl, Igor"]
[Black "Babula, Vlastimil"]
[Result "1/2-1/2"]
[WhiteElo "2472"]
[BlackElo "2570"]
[Annotator "TA"]
[PlyCount "57"]
[EventDate "2019.10.19"]
[EventType "team-tourn"]
[EventCountry "SVK"]
[SourceTitle "playchess.com"]
[Source "ChessBase"]
[SourceQuality "1"]
[WhiteTeam "Modra"]
[BlackTeam "Snina"]

{[%evp 20,57,34,28,16,12,13,17,27,18,23,17,27,19,20,-5,7,-12,6,-7,-11,-15,-13,-20,32,34,43,31,31,0,1,0,0,0,0,-2,-2,-3,-2,-5]} 1. d4 Nf6 2. c4 e6 3. Nf3 b6 4. a3 Bb7 5. Nc3 d5 6. cxd5 Nxd5 7. e3 g6 8. Bb5+ c6 9. Bd3 Nxc3 10. bxc3 Bg7 11. O-O O-O {E12: Queen's Indian: Unusual White 4th moves, 4 a3, 4 Nc3 Bb7 5 a3 and 4 Nc3 Bb7 .} 12. a4 c5 13. a5 Nd7 14. e4 bxa5 15. Bg5 Qc7 {[#]} 16. Qa4 $146 ({Predecessor:} 16. Qe2 h6 17. Bh4 cxd4 18. cxd4 Nb8 19. Rac1 Qd7 20. Qe3 Na6 21. Ne5 Qd6 22. Bxa6 Qxa6 {½-½ (40) Thompson,B (1947)-Kauppinen,M (2261) ICCF email 2006}) 16... Rfc8 17. Rfe1 cxd4 18. cxd4 e5 {White must now prevent ...exd4.} 19. Rac1 Qd6 $1 {[%cal Re5d4]} 20. Rxc8+ Rxc8 21. Bb5 Nb6 (21... Bc6 $11) 22. Qxa5 $14 exd4 23. Qxa7 Ba8 24. Be7 Qc7 {The position is equal.} 25. Qxc7 Rxc7 26. Bd8 Rc5 27. Bxb6 Rxb5 28. Bxd4 Bxd4 29. Nxd4 {Accuracy: White = 87%, Black = 92%.} 1/2-1/2

[Event "SVK Extraliga 2019-20"]
[Site "Slovakia"]
[Date "2020.02.29"]
[Round "7.2"]
[White "Roubalik, Jakub"]
[Black "Vovk, Jurij"]
[Result "0-1"]
[WhiteElo "2402"]
[BlackElo "2566"]
[Annotator "TA"]
[PlyCount "128"]
[EventDate "2019.10.19"]
[EventType "team-tourn"]
[EventCountry "SVK"]
[SourceTitle "playchess.com"]
[Source "ChessBase"]
[SourceQuality "1"]
[WhiteTeam "Dubnica"]
[BlackTeam "Kosice"]

{[%evp 14,128,0,7,29,-25,-26,-67,-74,-71,-30,-71,-34,-29,-30,-47,0,-56,100,91,90,100,83,77,149,161,162,133,144,135,145,100,95,102,98,84,88,98,122,92,102,92,132,121,122,112,125,123,134,96,97,0,70,0,25,0,0,0,61,40,204,70,77,77,77,64,64,-179,-164,-177,-180,-159,-114,-117,-84,-87,-85,-94,-75,-97,-96,-109,-88,-213,-202,-366,-237,-241,-60,-88,-8,-8,0,0,0,0,0,0,0,-52,-1,-12,-8,-79,-88,-177,-165,-475,-448,-474,-435,-552,-546,-1160,-1091,-1604,-1511]} 1. d4 Nf6 2. c4 e6 3. Nf3 d5 4. Nc3 c6 5. Bg5 Nbd7 6. e3 Qa5 7. Qc2 Ne4 8. cxd5 {8.cxd5 is better than 8.Bf4.} Bb4 {[%cal Re4c3] D52: Queen's Gambit Declined: Cambridge Springs Variation.} 9. Rc1 (9. dxe6 $142 Nxc3 10. exd7+ Bxd7 11. Bh4) 9... exd5 $11 10. a3 Bxc3+ $1 {Black is slightly better.} 11. bxc3 Qxa3 12. Bh4 O-O 13. Bd3 {[#]} Re8 $146 ({Predecessor:} 13... Ndf6 14. O-O Re8 15. Ne5 Nd7 16. Nxd7 Bxd7 17. Rfe1 h6 18. f3 Ng5 19. Bxg5 hxg5 {0-1 (44) Voigt,A-Schumer,N Schwarzburg 1997}) 14. O-O Nf8 15. Nd2 ({White should try} 15. Ra1 $11 Qd6 16. Bxe4 dxe4 17. Nd2) 15... Bf5 $2 (15... Nxd2 $15 {keeps the upper hand.} 16. Qxd2 a5) 16. Nb1 $1 $16 {[%cal Rb1a3]} Qd6 17. f3 Qh6 18. fxe4 dxe4 (18... Bxe4 $142 19. Bf2 Bxd3 20. Qxd3 b5) 19. Bc4 Qxe3+ 20. Kh1 Be6 21. Bxe6 Rxe6 22. Rce1 Qd3 23. Qxd3 exd3 24. Rd1 Ng6 25. Bg3 Re3 26. Bf2 Re2 27. Rxd3 Rae8 {Hoping for ...Rxf2!} 28. Rd2 a5 29. Bg3 f6 30. c4 a4 31. Rxe2 Rxe2 32. d5 (32. Nc3 $16 Rc2 33. Nxa4) 32... Rc2 (32... cxd5 $11 33. cxd5 b5) 33. d6 (33. Kg1 $14) 33... Rxc4 (33... Nf8 {is interesting.} 34. Rd1 Rxc4 35. h3 b5 36. Kh2 Nd7) 34. Rd1 Nf8 35. h3 ({Much worse is} 35. Na3 Rc3 $17) 35... Nd7 (35... f5 $11) 36. Re1 $1 $14 Nc5 $2 (36... Rb4 $14) 37. Nd2 (37. Bf2 $18 Kf7 38. Re7+ Kf8 39. Rc7) 37... Rd4 $1 {[%cal Rd4d2]} 38. Bf2 Rxd6 {Strongly threatening ...Nd3.} 39. Re8+ Kf7 40. Rf8+ $2 (40. Bxc5 $14 {was forced to keep a grip.} Rxd2 41. Re7+ {[%mdl 64] Double Attack} Kg6 42. Rxb7) 40... Kg6 $1 $19 ({Stronger than} 40... Kxf8 41. Bxc5 Ke7 42. Nc4 $14) 41. Nf3 Ne4 42. Be3 Ng3+ 43. Kg1 Nf5 44. Bf4 Rd3 45. Kf2 {White wants to play g4.} h5 46. g4 hxg4 47. hxg4 Nd4 48. Nh4+ (48. Nxd4 $17 Rxd4 49. Ke3) 48... Kh7 49. Rd8 $2 (49. Bc1) 49... a3 50. Be3 c5 $2 ({Better is} 50... a2 $1 $19 {[%cal Ra2a1]} 51. Rxd4 Ra3) 51. Nf5 $1 $15 {[%cal Re3d4]} a2 (51... g6 $17 52. Rd7+ Kg8 53. Nh6+ Kf8 54. Rxb7 Rxe3 $1 {[%mdl 512]} 55. Kxe3 a2 56. Rf7+ Ke8) 52. Ra8 $11 Nxf5 53. gxf5 {[%mdl 4096] Endgame KRB-KR} Rd5 54. Rxa2 Rxf5+ 55. Ke2 b5 56. Kd3 (56. Ra5 $11) 56... Rd5+ ({Black should play} 56... g5 $15) 57. Kc3 g5 58. Ra7+ (58. Rb2 $11) 58... Kg6 $17 59. Rc7 (59. Ra6 $17 {was called for.}) 59... c4 $19 {White must now prevent ...Rd3+.} 60. Bd4 $2 {[#]} (60. Kb4 {is more resistant.}) 60... f5 $1 {[%cal Rf5f4] Black is clearly winning.} 61. Rg7+ Kh5 62. Bf6 f4 63. Be7 f3 64. Kb4 Rf5 {Both players deserved the win here. Accuracy: White = 46%, Black = 59%.} 0-1